Score 0/17 Timer 02:30
4 Plays Today
% Correct
Jet black
96.1%
Jet Li
95.1%
Jet stream
95%
Jumbo jet
94.9%
The Jetsons
94.5%
Jet lag
94.4%
Jet pack
94.4%
Jet Propulsion Laboratory
94%
New York Jets
94%
% Correct
Jet bridge
93.8%
Derek Jeter
92.8%
JetBlue
92.1%
Jet Ski
92%
Newcastle United Jets
90.5%
Jet set
89.1%
Jethro Tull
88.8%
Winnipeg Jets
85.4%
Remove Ads.
Support Sporcle.
Get the best of Sporcle when you Go Orange. This ad-free experience offers more features, more stats, and more fun while also helping to support Sporcle. Thank you for becoming a member.

You're not logged in!

Compare scores with friends on all Sporcle quizzes.
OR
Log In

Show Comments

Extras

Top Quizzes Today


Score Distribution

Your Account Isn't Verified!

In order to create a playlist on Sporcle, you need to verify the email address you used during registration. Go to your Sporcle Settings to finish the process.

Report this User

Report this user for behavior that violates our Community Guidelines.

Details: